00878cam a22002411 4500001001300000003000400013005001700017008004100034010001700075035001900092040002500111042001200136043001200148050002000160100003000180245006500210260004400275300001800319440006900337500001900406500017900425650003200604ca 28000527 DLC20260227111120.0800401s1881 nyu 000 0 eng  aca 28000527  a(OCoLC)6156234 aDLCcLUdMoSU-LdDLC apremarc ae-uk---00aHD593b.F5 18811 aFisher, Joseph,cF.R.H.S.14aThe history of landholding in England.cBy Joseph Fisher ... a[New York,bJ. Fitzgerald & co.,c1881] a48 p.c25 cm. 0aHumboldt library of popular science literature.vvol. II, no. 27 aCaption title. a"This work is an expansion of a paper read at the meeting of the Royal historical society in May, 1875, and will be published in the volume of the Transactions of that body." 0aLand tenurezGreat Britain.